Goodbye & Good Riddance Lyrics Quiz - Statistics

General Stats
  • This quiz has been taken 39 times
  • The average score is 9 of 14
Answer Stats
Question Answer % Correct
Look at my ____ account bank
100%
Lookin' at the devil and the _____ on my shoulder angel
92%
Who knew evil girls had the ________ face? prettiest
92%
Sticks and stones may break my _____ bones
83%
Doing _______ with my white friends codeine
79%
Wear your ____ dress, girl, 'cause you gon' die in it best
75%
It's a long way to ____, I ain't really tryna leave this Earth hell
75%
___ love, bitches wasted GTA
71%
I never been ______of love, ______ to love scared
71%
Ran into the _____ today and she grinnin' devil
63%
_____ her in the past, but I know I'll miss her Leave
54%
Bitch, I'm still _______ with my heart broken flexin'
38%
This the end of the ____ rope
33%
Swervo told me stop popping them _______ 'fore I flatline Xannies
21%
No matching quizzes found
Score Distribution
Percent of People with Each Score
Percentile by Number Answered
Your Score History
You have not taken this quiz